000 00342 a2200169 4500
001 194877
020 _a978-85-60354-10-8
040 _cMagnum
100 _aRAMOS, Cleide
240 1 0 _aVoa, João
_lpor
245 1 0 _aVoa, João
300 _a24
362 0 _a2015
440 1 _aMultiRio
697 _aLITERATURA INFANTIL
942 _cBK
999 _c194877
_d194877